[Event "Titled Tuesday intern op 02nd Apr Early"]
[Site "Chess.com INT"]
[Date "2024.04.02"]
[Round "1"]
[White "Kashefi, Amir Hossein"]
[Black "Fernandez Hernandez, Gerardo"]
[Result "1-0"]
[WhiteElo "2193"]
[BlackElo "2161"]
[PlyCount "115"]
[EventDate "2024.04.02"]
[EventType "swiss (blitz)"]
[EventRounds "11"]
[EventCountry "USA"]
[SourceTitle "CB15_2024"]
[SourceDate "2024.04.10"]
[SourceVersion "1"]
[SourceVersionDate "2024.04.10"]
[SourceQuality "1"]

1. d4 Nf6 2. Nf3 g6 3. g3 Bg7 4. Bg2 0-0 5. 0-0 d6 6. b3 Ne4 7. Bb2 c5 8. Nbd2 Bf5 9. c4 Nc6 10. Nxe4 Bxe4 11. Qd2 cxd4 12. Nxd4 Bxg2 13. Kxg2 Qb6 14. Nf3 Bxb2 15. Qxb2 Rac8 16. h4 h5 17. Rfd1 Rfd8 18. Rd2 Na5 19. Rad1 Qb4 20. Qd4 Nc6 21. Qf4 Qc5 22. Rd5 Qa3 23. R1d2 Qc1 24. Ng5 Rf8 25. Qe4 Nb4 26. R5d4 Nc6 27. R4d3 Nb4 28. Rd4 Nc6 29. Rd1 Qb2 30. R4d2 Qe5 31. Qf3 a6 32. Nh3 Qg7 33. Nf4 Ne5 34. Qxb7 Ng4 35. Qxe7 Qe5 36. Qxe5 dxe5 37. Nd5 e4 38. Nf6+ Nxf6 39. Rd6 Kg7 40. Rxa6 Rfe8 41. Rdd6 Ng4 42. e3 Ne5 43. a4 Rcd8 44. a5 Rxd6 45. Rxd6 Rb8 46. Rb6 Rxb6 47. axb6 Nc6 48. b4 Kf6 49. b5 Na5 50. c5 Ke6 51. c6 Kd6 52. g4 Nxc6 53. bxc6 Kxc6 54. gxh5 gxh5 55. Kg3 Kxb6 56. Kf4 Kc5 57. Kxe4 Kd6 58. Kf5 1-0

[Event "Titled Tuesday intern op 12th Mar Early"]
[Site "Chess.com INT"]
[Date "2024.03.12"]
[Round "2"]
[White "Kashefi, Amir Hossein"]
[Black "Henriquez Villagra, Cristobal"]
[Result "0-1"]
[WhiteElo "2193"]
[BlackElo "2588"]
[PlyCount "96"]
[EventDate "2024.03.12"]
[EventType "swiss (blitz)"]
[EventRounds "11"]
[EventCountry "USA"]
[SourceTitle "CB12_2024"]
[SourceDate "2023.10.01"]
[SourceVersion "1"]
[SourceVersionDate "2023.10.01"]
[SourceQuality "1"]

1. Nf3 d6 2. g3 e5 3. Bg2 f5 4. 0-0 Nf6 5. b3 Be7 6. Bb2 0-0 7. c4 c5 8. d3 Nc6 9. Nc3 Rb8 10. Ne1 Qd7 11. Nc2 a6 12. Ne3 b5 13. Ned5 Bd8 14. Nxf6+ Bxf6 15. Nd5 Bd8 16. e3 a5 17. Qc2 Kh8 18. f4 Re8 19. Rae1 bxc4 20. dxc4 e4 21. Rd1 Nb4 22. Nxb4 axb4 23. Rd2 Be7 24. Rfd1 Bf8 25. Bh3 Ra8 26. Be5 Ra6 27. Kf2 Qc7 28. Ba1 Be6 29. Bf1 Rea8 30. Re1 R8a7 31. Ree2 Qc8 32. Qb1 Qa8 33. Bg2 Bf7 34. h3 Bh5 35. g4 fxg4 36. Bxe4 Qe8 37. hxg4 Bxg4 38. Qh1 h5 39. Bf3 Bxf3 40. Qxf3 Kg8 41. Qd5+ Qf7 42. Kf3 Qxd5+ 43. cxd5 c4 44. bxc4 b3 45. Bd4 bxa2 46. Ba1 Ra3 47. Rc2 Be7 48. Ke4 Bf6 0-1

[Event "Titled Tuesday intern op 12th Mar Late"]
[Site "Chess.com INT"]
[Date "2024.03.12"]
[Round "2"]
[White "Kashefi, Amir Hossein"]
[Black "Rasulov, Vugar Ural Oglu"]
[Result "0-1"]
[WhiteElo "2193"]
[BlackElo "2550"]
[PlyCount "80"]
[EventDate "2024.03.12"]
[EventType "swiss (blitz)"]
[EventRounds "11"]
[EventCountry "USA"]
[SourceTitle "CB12_2024"]
[SourceDate "2023.10.01"]
[SourceVersion "1"]
[SourceVersionDate "2023.10.01"]
[SourceQuality "1"]

1. d4 d5 2. c4 c6 3. cxd5 Qxd5 4. Nc3 Qd8 5. e4 e5 6. dxe5 Qxd1+ 7. Kxd1 Bc5 8. f4 g5 9. fxg5 Bg4+ 10. Nf3 Nd7 11. Bf4 Ne7 12. h3 Bxf3+ 13. gxf3 Ng6 14. Bg3 Ndxe5 15. Be2 Be3 16. Kc2 Bxg5 17. h4 Bf4 18. Bf2 h5 19. Rad1 b6 20. b4 0-0 21. b5 Rac8 22. bxc6 Nxc6 23. Nd5 Nd4+ 24. Kd3 Ne6 25. Bd4 Rfd8 26. Rhg1 Kh7 27. Bf6 Rd6 28. Bf1 Kh6 29. Bh3 Rc5 30. Ke2 Rc2+ 31. Kf1 Be5 32. Bg5+ Nxg5 33. Rxg5 f6 34. Rg2 Rxg2 35. Bxg2 Nxh4 36. f4 Bxf4 37. Rd3 Bg5 38. Ra3 Nxg2 39. Kxg2 f5 40. Rxa7 fxe4 0-1

[Event "Titled Tuesday intern op 29th Aug Early"]
[Site "Chess.com INT"]
[Date "2023.08.29"]
[Round "3"]
[White "Ibarra Jerez, Jose Carlos"]
[Black "Kashefi, Amir Hossein"]
[Result "1-0"]
[WhiteElo "2563"]
[BlackElo "2194"]
[PlyCount "105"]
[EventDate "2023.08.29"]
[EventType "swiss (blitz)"]
[EventRounds "11"]
[EventCountry "USA"]
[SourceTitle "EXT 2024"]
[Source "ChessBase"]
[SourceDate "2023.10.10"]
[SourceVersion "1"]
[SourceVersionDate "2023.10.10"]
[SourceQuality "1"]

1. e4 c6 2. Nf3 d5 3. d3 Bg4 4. h3 Bxf3 5. Qxf3 dxe4 6. dxe4 Nd7 7. g3 Ngf6 8. Bg2 e5 9. 0-0 Bc5 10. a4 0-0 11. Nd2 a5 12. Nc4 Qe7 13. Qe2 Rfd8 14. Bd2 Bb4 15. c3 Bc5 16. Kh2 Nb6 17. Ne3 Qe6 18. Nf5 g6 19. Nh6+ Kg7 20. Bg5 Rd6 21. Qc2 Rad8 22. Bf3 Rf8 23. Rad1 Ng8 24. Bg4 Qc4 25. b3 Qxf1 26. Rxf1 Nxh6 27. Be7 Nxg4+ 28. hxg4 Nd7 29. Bxd6 Bxd6 30. Rd1 Nf6 31. Rxd6 Nxg4+ 32. Kg2 h5 33. Qd2 f6 34. Rd8 Rf7 35. Rd7 f5 36. Rxf7+ Kxf7 37. exf5 gxf5 38. Qd7+ Kf6 39. Qxb7 e4 40. Qxc6+ Kg5 41. Qb6 Ne5 42. Qxa5 Nf3 43. Qd8+ Kg6 44. a5 h4 45. gxh4 Kh5 46. a6 Nxh4+ 47. Kh3 Nf3 48. a7 Ng1+ 49. Kg2 Nf3 50. a8Q Kg4 51. Qg8+ Kf4 52. Qab8+ Ne5 53. Qg3# 1-0

[Event "Titled Tuesday intern op 29th Aug Early"]
[Site "Chess.com INT"]
[Date "2023.08.29"]
[Round "8"]
[White "Kashefi, Amir Hossein"]
[Black "Bochnicka, Vladimir1111"]
[Result "1-0"]
[WhiteElo "2194"]
[BlackElo "2368"]
[PlyCount "49"]
[EventDate "2023.08.29"]
[EventType "swiss (blitz)"]
[EventRounds "11"]
[EventCountry "USA"]
[SourceTitle "EXT 2024"]
[Source "ChessBase"]
[SourceDate "2023.10.10"]
[SourceVersion "1"]
[SourceVersionDate "2023.10.10"]
[SourceQuality "1"]

1. d4 Nf6 2. Nf3 g6 3. g3 Bg7 4. Bg2 0-0 5. 0-0 d6 6. b3 Nc6 7. Bb2 Re8 8. c4 Bg4 9. Nc3 e5 10. dxe5 dxe5 11. Nd5 Nxd5 12. cxd5 e4 13. Bxg7 exf3 14. exf3 Kxg7 15. dxc6 Bc8 16. f4 Rb8 17. Re1 bxc6 18. Rxe8 Qxe8 19. Qd4+ Kg8 20. Qxa7 Bf5 21. Qxc7 Rc8 22. Qe5 Qd7 23. a4 c5 24. a5 Qb5 25. a6 1-0